| 000 | 00639nam a22001817a 4500 | ||
|---|---|---|---|
| 999 |
_c194510 _d194510 |
||
| 005 | 20221227111208.0 | ||
| 010 | _aENG-135948 | ||
| 020 |
_a9789390961667 _c695.00 |
||
| 035 | _aEN-1194580 | ||
| 037 | _bDBAD/PUB | ||
| 082 | _a270.0954 | ||
| 100 | _aJohn, Fr Thomas | ||
| 245 |
_aTribes of Nagaland And The Catholic Church: _bA Journey Together/ _cFr Thomas John |
||
| 260 |
_aNew Delhi _bVitasta Publishing Pvt Ltd _c2023 |
||
| 270 |
_a2/15, Ansari Road, Daryaganj _bNew Delhi _e110002 _minfo@vitastapublishing.com |
||
| 300 |
_axi, 443p. _bReferences, Appendix, Glossary _c22cm(pbk) |
||
| 942 |
_2ddc _cEN _mJOH _h270.0954 |
||